<?xml version="1.0" encoding="UTF-8"?>
<collection xmlns="http://www.loc.gov/MARC21/slim">
 <record>
  <leader>01090nam a22002057a 4500</leader>
  <controlfield tag="001">NCT_79527</controlfield>
  <controlfield tag="008">200508b        xxu||||| |||| 00| 0 vie d</controlfield>
  <datafield tag="999" ind1=" " ind2=" ">
   <subfield code="c">3889</subfield>
   <subfield code="d">3889</subfield>
  </datafield>
  <datafield tag="082" ind1="0" ind2="4">
   <subfield code="2">23rd ed.</subfield>
   <subfield code="a">330.9597</subfield>
   <subfield code="b">V666B</subfield>
  </datafield>
  <datafield tag="245" ind1="0" ind2="0">
   <subfield code="a">Vietnam business profile</subfield>
   <subfield code="c">Deloitte Touche Tohmatsu International</subfield>
  </datafield>
  <datafield tag="260" ind1=" " ind2=" ">
   <subfield code="a">Central, Hong Kong</subfield>
   <subfield code="b">Deloitte Touche Tohmatsu International</subfield>
   <subfield code="c">1993</subfield>
  </datafield>
  <datafield tag="300" ind1=" " ind2=" ">
   <subfield code="a">vi, 98 p.</subfield>
   <subfield code="b">ill., maps</subfield>
   <subfield code="c">23cm</subfield>
  </datafield>
  <datafield tag="504" ind1=" " ind2=" ">
   <subfield code="a">Includes bibliography and index</subfield>
  </datafield>
  <datafield tag="520" ind1="3" ind2=" ">
   <subfield code="a">Contents: introduction to Vietnam; the economy; foreign investment; labor; foreign trade; accounting; taxation; finance and banking; business trip preparation.</subfield>
  </datafield>
  <datafield tag="653" ind1=" " ind2=" ">
   <subfield code="a">Quản trị kinh doanh</subfield>
  </datafield>
  <datafield tag="710" ind1="2" ind2=" ">
   <subfield code="a">Deloitte Touche Tohmatsu International</subfield>
  </datafield>
  <datafield tag="942" ind1=" " ind2=" ">
   <subfield code="2">ddc</subfield>
   <subfield code="c">BK</subfield>
  </datafield>
  <datafield tag="952" ind1=" " ind2=" ">
   <subfield code="0">0</subfield>
   <subfield code="1">0</subfield>
   <subfield code="2">ddc</subfield>
   <subfield code="4">0</subfield>
   <subfield code="6">330_959700000000000_V666B</subfield>
   <subfield code="7">0</subfield>
   <subfield code="9">19519</subfield>
   <subfield code="a">000001</subfield>
   <subfield code="b">000001</subfield>
   <subfield code="d">2020-05-08</subfield>
   <subfield code="o">330.9597 V666B</subfield>
   <subfield code="p">MD.17145</subfield>
   <subfield code="r">2020-05-08</subfield>
   <subfield code="w">2020-05-08</subfield>
   <subfield code="y">BK</subfield>
  </datafield>
  <datafield tag="952" ind1=" " ind2=" ">
   <subfield code="0">0</subfield>
   <subfield code="1">0</subfield>
   <subfield code="2">ddc</subfield>
   <subfield code="4">0</subfield>
   <subfield code="6">330_959700000000000_V666B</subfield>
   <subfield code="7">0</subfield>
   <subfield code="9">19537</subfield>
   <subfield code="a">000001</subfield>
   <subfield code="b">000001</subfield>
   <subfield code="d">2020-05-12</subfield>
   <subfield code="o">330.9597 V666B</subfield>
   <subfield code="p">MD.17151</subfield>
   <subfield code="r">2020-05-12</subfield>
   <subfield code="w">2020-05-12</subfield>
   <subfield code="y">BK</subfield>
  </datafield>
  <datafield tag="980" ind1=" " ind2=" ">
   <subfield code="a">Thư viện Trường Đại học Nam Cần Thơ</subfield>
  </datafield>
 </record>
</collection>
